The Law of Direct Democracy / (Record no. 11705)
[ view plain ]
| 000 -LEADER | |
|---|---|
| fixed length control field | 00970cam a22002772 4500 |
| 001 - CONTROL NUMBER | |
| control field | 0000025438 |
| 005 - DATE AND TIME OF LATEST TRANSACTION | |
| control field | 20151217154541.0 |
| 008 - FIXED-LENGTH DATA ELEMENTS--GENERAL INFORMATION | |
| fixed length control field | 150921s xx 000 0 eng d |
| 020 ## - INTERNATIONAL STANDARD BOOK NUMBER | |
| International Standard Book Number | 1611632767 : |
| 040 ## - CATALOGING SOURCE | |
| Original cataloging agency | KABU |
| Transcribing agency | KABU |
| 050 #0 - LIBRARY OF CONGRESS CALL NUMBER | |
| Classification number | KF4881 |
| Item number | .N694 2014 |
| 100 1# - MAIN ENTRY--PERSONAL NAME | |
| Personal name | Noyes, Henry S. |
| -- | 0000186078 |
| 245 14 - TITLE STATEMENT | |
| Title | The Law of Direct Democracy / |
| Statement of responsibility, etc. | by Henry S. Noyes. |
| 260 ## - PUBLICATION, DISTRIBUTION, ETC. (IMPRINT) | |
| Place of publication, distribution, etc. | North Carolina : |
| Name of publisher, distributor, etc. | Carolina Academic Press, |
| Date of publication, distribution, etc. | 2014. |
| 300 ## - PHYSICAL DESCRIPTION | |
| Extent | li, 484 p. |
| 650 #0 - SUBJECT ADDED ENTRY--TOPICAL TERM | |
| Topical term or geographic name as entry element | Referendum |
| General subdivision | United States. |
| -- | 0000186079 |
| 650 #0 - SUBJECT ADDED ENTRY--TOPICAL TERM | |
| Topical term or geographic name as entry element | Recall |
| General subdivision | United States. |
| -- | 0000186080 |
| 908 ## - PUT COMMAND PARAMETER (RLIN) | |
| Put command parameter | 150921 |
| 950 ## - LOCAL HOLDINGS (RLIN) | |
| -- | 1 |
| Withdrawn status | Lost status | Source of classification or shelving scheme | Not for loan | Home library | Current library | Date acquired | Total Checkouts | Full call number | Barcode | Date last seen | Price effective from | Koha item type | Date last checked out | Total Renewals |
|---|---|---|---|---|---|---|---|---|---|---|---|---|---|---|
| Library of Congress Classification | Kabarak, Main Campus | Kabarak, Main Campus | 17/12/2015 | KF4881 .N694 2014 C.1 | 020451 | 17/12/2015 | 17/12/2015 | General Collection | ||||||
| Library of Congress Classification | Kabarak, Main Campus | Kabarak, Main Campus | 17/12/2015 | 1 | KF4881 .N694 2014 C.2 | 020444 | 05/09/2017 | 17/12/2015 | General Collection | 14/07/2017 | ||||
| Library of Congress Classification | Kabarak, Main Campus | Kabarak, Main Campus | 17/12/2015 | 1 | KF4881 .N694 2014 C.4 | 020447 | 10/08/2016 | 17/12/2015 | General Collection | 15/07/2016 | ||||
| Library of Congress Classification | Kabarak, Main Campus | Kabarak, Main Campus | 17/12/2015 | 2 | KF4881 .N694 2014 C.5 | 020450 | 07/10/2019 | 17/12/2015 | General Collection | 03/10/2019 | ||||
| Library of Congress Classification | Kabarak, Main Campus | Kabarak, Main Campus | 17/12/2015 | KF4881 .N694 2014 C.6 | 020446 | 17/12/2015 | 17/12/2015 | General Collection | ||||||
| Library of Congress Classification | Kabarak, Main Campus | Kabarak, Main Campus | 17/12/2015 | 2 | KF4881 .N694 2014 C.7 | 020448 | 19/01/2018 | 17/12/2015 | General Collection | 27/06/2017 | 1 | |||
| Library of Congress Classification | Kabarak, Main Campus | Kabarak, Main Campus | 17/12/2015 | 2 | KF4881 .N694 2014 C.3 | 020449 | 21/06/2016 | 17/12/2015 | General Collection | 03/03/2016 | 1 |